Регионална библиотека "Любен Каравелов" - Русе

Билките и тяхното използване (Запис номер 57292)

MARC детайли
000 -Лидер
Контролно поле с фиксирана дължина nam a22 a 4500
003 - Код на организацията, давaща контролен номер
Контролно поле BLK
005 - Дата и час на последна редакция
Контролно поле 20220616090116.0
008 - Елементи от данни с фиксирана дължина
fixed length control field 180408b bul|||||r ||||||| ||bul||
010 ## - Наследен системен номер
LC control number KNG00061287000
040 ## - Източник на каталожния запис
Идентификатор на билиотеката - собственик на записа BLK
041 ## - Код за език
Код за езика на текст/звукозапис или на отделно заглавие Български
Код за езика КДБФ Български
080 ## - УДК
Текстов определител УДК Лекарствени растения
УДК код - определител по УДК 633.88
УДК - код + определител 633.88
080 ## - УДК
Текстов определител УДК Лекарствени средства от растителен произход. Подразделя се със знак за отношение :582; :633/635; :665.3
УДК код - определител по УДК 615.322
УДК - код + определител 615.322
100 1# - Редна дума - Автор
Автор Памуков, Димитър
Авторска отговорност първи автор
R(LIN) 287509
139 ## - Редно поле
Редна дума Памуков, Димитър и др.
Авторски знак Пам - П 16
245 10 - Сведения за заглавието
Заглавие Билките и тяхното използване
Редно поле (дума) Димитър Памуков; съавт. Илия Иванов Ланджев; съавт. Александър Хвърлев.
257 ## - Страна на издаване
Страна на създаване/издаване България
260 ## - Област на издателските данни
Име на издателя, разпространителя и проч. Земиздат
Година на издаване 1968
Място на издаване, разпространение и проч. София
300 ## - Физическа характеристика
Страници 204 с.
Размери/Мащаб 24 см
380 ## - Жанр
Жанр Селско стопанство
700 1# - Други автори (авторска отговорност)
Лично име Ланджев, Илия Иванов
Автороска отговорност (Описва отношението между автора и произведението) съавт.
9 (RLIN) 369381
700 1# - Други автори (авторска отговорност)
Лично име Хвърлев, Александър
Автороска отговорност (Описва отношението между автора и произведението) съавт.
9 (RLIN) 136600
852 ## - Местоположение
Форматна сигнатура Цб 47192
856 4# - Електронен адрес и достъп
Електронен формат pdf - файл
856 4# - Електронен адрес и достъп
Електронен формат pdf - файл
999 ## - СИСТЕМНИ КОНТРОЛНИ НОМЕРА
Koha biblionumber 57292
Koha biblioitemnumber 57292
942 ## - АРТИКУЛИ
Вид на библиотечния материал Книги
Скрит в OPAC Не
Периодичен библиозапис Да
944 ## - СЪЗДАВАНЕ И РЕДАКЦИЯ на ЗАПИСА
Създаване/Редакция Създаване
Дата на регистрацията/редакция 13.06.2004
Служител, извършил регистрацията/редакцията Читалня
944 ## - СЪЗДАВАНЕ И РЕДАКЦИЯ на ЗАПИСА
Създаване/Редакция Редакция
Дата на регистрацията/редакция 03.09.2015
Служител, извършил регистрацията/редакцията Нора_Радева
999 ## - СИСТЕМНИ КОНТРОЛНИ НОМЕРА
Koha biblioitemnumber 57292
Наличности
Код за отписване Код за изгубен артикул Източник на класификационната схема Код за повреда Коз за рестрикции Код за отдаване Артикулен № Име на библиотеката - собственик Име на библиотеката, в която се намира в момента Статус (Текущо местоположение) Дата на вписване в системата Местоположение - отдел Цена в лева Инвентарен номер Систематично азбучна сигнатура Баркод Номер на екземпляра Цена в евро Служебна бележка Служебен тип на артикула
  Не е изгубен Universal Decimal Classification Не е повреден без рестрикции ползва се в читалня 92546 Регионална библиотека "Любен Каравелов" Русе Регионална библиотека "Любен Каравелов" Русе Читалня 1993-01-01 Читалня 2.33 14513/68 Ч 633/П16Д 900000103316 1 1.19 Дата инв: 20.03.2017 Бележки инв: Ч2017 Книги
  Не е изгубен Universal Decimal Classification Не е повреден само за читалня ползва се в читалня 92547 Регионална библиотека "Любен Каравелов" Русе Регионална библиотека "Любен Каравелов" Русе Хранилище 1968-01-01 Хранилище 2.33 14705/68 Цб 47192 900000102499 2 1.19 Дост: Dp Вид: Д Дата: 01.01.1968 Книги
Изтеглен Не е изгубен Universal Decimal Classification Не е повреден без рестрикции заемане за дома 92548 Регионална библиотека "Любен Каравелов" Русе Регионална библиотека "Любен Каравелов" Русе Заемна - подръчен фонд 1968-01-01 Заемна - подръчен фонд 0.00 14514/68 П 633.8/П 16 14514/68 3 0.00 Вид: Сф Дата: 01.01.1968 Книги
Изтеглен Не е изгубен Universal Decimal Classification Не е повреден без рестрикции заемане за дома 92549 Регионална библиотека "Любен Каравелов" Русе Регионална библиотека "Любен Каравелов" Русе Заемна - подръчен фонд 1968-01-01 Заемна - подръчен фонд 0.00 14512/68 П 633.8/П 16 14512/68 4 0.00 Вид: Сф Дата: 01.01.1968 Книги
Vip Innovations Ltd, Rousse, Bulgaria 2025